000 00673cab a2200229 4500
001 WB2921-19
008 090401t1993 xxu||||| |||| 00| 0 eng d
035 _a(Sirsi) u42768
041 _aeng
245 _aIn search of private landlords
260 _c1993
350 _a0
490 _aFinancial Times
_v1 June 1993, 19(2)
520 _aResearch by the Joseph Rowntree Foundation identifies measures which would stimulate further investment in the private rented sector.
650 _aHOUSING MARKET
650 _aINSTITUTIONAL INVESTMENT
650 _aPRIVATE RENTED SECTOR
650 _aRETURNS
690 _aHOUSING
942 _n0
948 _c04/03/1997
999 _c27362
_d27362